[Event "Southend op"]
[Site "Southend"]
[Date "2024.03.31"]
[Round "8"]
[White "Janik, Igor"]
[Black "Agdelen, Huseyin Can"]
[Result "1/2-1/2"]
[WhiteElo "2497"]
[BlackElo "2408"]
[PlyCount "117"]
[EventDate "2024.03.28"]
[EventType "swiss"]
[EventRounds "9"]
[EventCountry "ENG"]
[SourceTitle "CB14_2024"]
[SourceDate "2024.04.01"]
[SourceVersion "1"]
[SourceVersionDate "2024.04.01"]
[SourceQuality "1"]

1. d4 d5 2. c4 e6 3. Nc3 a6 4. cxd5 exd5 5. Nf3 Nf6 6. Bg5 Be6 7. Bxf6 Qxf6 8. Qb3 b5 9. a4 b4 10. Nxd5 Qd8 11. e4 c6 12. Qe3 cxd5 13. exd5 Qxd5 14. Rc1 Be7 15. Bd3 Ra7 16. Be4 Qb3 17. Rc8+ Bd8 18. Rxb8 0-0 19. 0-0 Be7 20. Rxf8+ Kxf8 21. Rc1 Qxe3 22. fxe3 Bd6 23. Nd2 Rc7 24. Rxc7 Bxc7 25. b3 a5 26. Bd3 f5 27. Bc4 Bc8 28. g3 Ke7 29. Kf2 h6 30. Nf3 Bb7 31. Ne1 Be4 32. Ke2 Kf6 33. Nd3 Bxd3+ 34. Bxd3 h5 35. Kf3 g6 36. h3 Kg5 37. Bb5 Kf6 38. Be8 Bd6 39. e4 fxe4+ 40. Kxe4 Bxg3 41. Kd5 Ke7 42. Bxg6 h4 43. Kc6 Kd8 44. Bf5 Bf4 45. d5 Bg3 46. Kb7 Bf4 47. Kb6 Bc7+ 48. Kc6 Bf4 49. Bg4 Bg3 50. Kb5 Bc7 51. Kc5 Bg3 52. d6 Bf4 53. Kc6 Bg3 54. Bf3 Bf4 55. Kb6 Bxd6 56. Kxa5 Kc7 57. Kb5 Kb8 58. Kb6 Bg3 59. a5 1/2-1/2

[Event "Southend op"]
[Site "Southend"]
[Date "2024.03.28"]
[Round "1"]
[White "Wong, Jianwen"]
[Black "Janik, Igor"]
[Result "0-1"]
[WhiteElo "2254"]
[BlackElo "2497"]
[PlyCount "88"]
[EventDate "2024.03.28"]
[EventType "swiss"]
[EventRounds "9"]
[EventCountry "ENG"]
[SourceTitle "CB14_2024"]
[SourceDate "2024.04.01"]
[SourceVersion "1"]
[SourceVersionDate "2024.04.01"]
[SourceQuality "1"]

1. c4 Nf6 2. Nf3 b6 3. g3 Bb7 4. Bg2 c5 5. 0-0 g6 6. b3 Bg7 7. Bb2 0-0 8. d4 cxd4 9. Qxd4 d6 10. Nc3 Nbd7 11. Rfd1 Rc8 12. Qe3 Nc5 13. Bh3 Rb8 14. Rac1 h5 15. Nb5 Ng4 16. Bxg4 Bxb2 17. Bh3 Bxc1 18. Qxc1 a6 19. Nc3 Bxf3 20. exf3 Kg7 21. b4 Nd7 22. Ne4 Ne5 23. f4 Ng4 24. Qc3+ Nf6 25. c5 bxc5 26. bxc5 Qc7 27. c6 Rfd8 28. Nxf6 exf6 29. Bg2 Rb5 30. Bd5 Qb6 31. Kg2 Qc5 32. Qf3 Rb2 33. f5 Re8 34. fxg6 fxg6 35. Rf1 Re5 36. Be4 d5 37. Bb1 Qxc6 38. Qd3 Re4 39. Qa3 Reb4 40. Qd3 f5 41. Re1 Qc5 42. Rf1 Qd4 43. Qa3 Rxb1 44. Rxb1 Qe4+ 0-1

[Event "POL-ch Universities"]
[Site "Lublin"]
[Date "2024.02.24"]
[Round "7"]
[White "Snihur, Piotr"]
[Black "Janik, Igor"]
[Result "0-1"]
[WhiteElo "2278"]
[BlackElo "2499"]
[PlyCount "93"]
[EventDate "2024.02.23"]
[EventType "swiss"]
[EventRounds "9"]
[EventCountry "POL"]
[SourceTitle "CB10_2024"]
[SourceDate "2024.03.06"]
[SourceVersion "1"]
[SourceVersionDate "2024.03.06"]
[SourceQuality "1"]

1. e4 c6 2. d4 d5 3. Nc3 a6 4. h3 dxe4 5. Nxe4 Bf5 6. Ng3 Bg6 7. h4 h6 8. Nf3 e6 9. h5 Bh7 10. Bd3 Bxd3 11. Qxd3 Nf6 12. Bd2 c5 13. 0-0-0 Nc6 14. Be3 Qa5 15. a3 0-0-0 16. Qb3 Nd5 17. Ne4 Nxe3 18. fxe3 Be7 19. d5 c4 20. Qc3 exd5 21. Qxa5 Nxa5 22. Nc3 Bc5 23. Nxd5 Rhe8 24. Rhe1 Nc6 25. e4 f6 26. Nf4 Rxd1+ 27. Kxd1 b5 28. c3 Bd6 29. Nd5 Ne5 30. Nxe5 Rxe5 31. g4 Bc5 32. Re2 Kd7 33. Kc2 Kc6 34. b4 cxb3+ 35. Kxb3 Rg5 36. Rg2 f5 37. Nb4+ Bxb4 38. axb4 fxg4 39. c4 g3 40. cxb5+ Kxb5 41. Kc3 g6 42. hxg6 h5 43. Kd4 h4 44. e5 Rxg6 45. Kd5 h3 46. Rc2 h2 47. e6 0-1

[Event "Figueira da Foz op 17th"]
[Site "Figueira da Foz"]
[Date "2023.11.08"]
[Round "5"]
[White "Bernadskiy, Vitaliy"]
[Black "Janik, Igor"]
[Result "1/2-1/2"]
[WhiteElo "2546"]
[BlackElo "2501"]
[PlyCount "58"]
[EventDate "2023.11.05"]
[EventType "swiss"]
[EventRounds "9"]
[EventCountry "POR"]
[SourceTitle "CB46_2023"]
[SourceDate "2023.11.15"]
[SourceVersion "1"]
[SourceVersionDate "2023.11.15"]
[SourceQuality "1"]

1. e4 c6 2. d4 d5 3. e5 Bf5 4. Nf3 e6 5. Be2 Ne7 6. 0-0 Nd7 7. a4 c5 8. c4 cxd4 9. Nxd4 Bxb1 10. Rxb1 dxc4 11. Bxc4 Nxe5 12. Bb5+ N5c6 13. Bg5 Rc8 14. Rc1 Qd7 15. a5 a6 16. Bxe7 Bxe7 17. Nxc6 Qxd1 18. Na7+ axb5 19. Rxc8+ Qd8 20. Rxd8+ Kxd8 21. Nxb5 Kc8 22. g3 Kb8 23. Ra1 Rc8 24. a6 bxa6 25. Rxa6 Rc3 26. Kg2 Rc2 27. Nd4 Rxb2 28. Nc6+ Kb7 29. Ra7+ Kxc6 1/2-1/2

[Event "CZE-chT 2324"]
[Site "Czech Republic"]
[Date "2023.10.14"]
[Round "1.4"]
[White "Janik, Igor"]
[Black "Zilka, Stepan"]
[Result "0-1"]
[WhiteElo "2503"]
[BlackElo "2599"]
[PlyCount "50"]
[EventDate "2023.10.14"]
[EventType "team-tourn"]
[EventRounds "11"]
[EventCountry "CZE"]
[SourceTitle "Mega2024 Update 01"]
[Source "Chessbase"]
[SourceDate "2023.11.12"]
[SourceVersion "1"]
[SourceVersionDate "2023.11.12"]
[SourceQuality "1"]
[WhiteTeam "Kromeriz Slavia"]
[BlackTeam "Novoborsky"]
[WhiteTeamCountry "CZE"]
[BlackTeamCountry "CZE"]

1. Nf3 c5 2. g3 Nc6 3. Bg2 e5 4. e4 g6 5. d3 Bg7 6. Nc3 d6 7. Be3 Nge7 8. Qd2 Nd4 9. Nd1 Bh3 10. 0-0 Nxf3+ 11. Bxf3 Bxf1 12. Kxf1 0-0 13. Nc3 Qd7 14. Bg2 b5 15. Kg1 b4 16. Ne2 Rac8 17. c4 bxc3 18. Nxc3 Rb8 19. b3 Kh8 20. Rc1 f5 21. Bg5 Nc6 22. Nd5 Nb4 23. Nc3 f4 24. gxf4 exf4 25. Bxf4 Rxf4 0-1

[Event "POL-chT Ekstraliga"]
[Site "Lublin"]
[Date "2023.09.23"]
[Round "6.5"]
[White "Janik, Igor"]
[Black "Pultinevicius, Paulius"]
[Result "0-1"]
[WhiteElo "2517"]
[BlackElo "2572"]
[PlyCount "69"]
[EventDate "2023.09.18"]
[EventType "team-tourn"]
[EventRounds "9"]
[EventCountry "POL"]
[SourceTitle "EXT 2024"]
[Source "ChessBase"]
[SourceDate "2023.10.10"]
[SourceVersion "1"]
[SourceVersionDate "2023.10.10"]
[SourceQuality "1"]
[WhiteTeam "Katowice Wasko"]
[BlackTeam "Plock Hetman"]
[WhiteTeamCountry "POL"]
[BlackTeamCountry "POL"]

1. e4 c5 2. Nf3 Nc6 3. Bb5 Nf6 4. e5 Nd5 5. 0-0 Nc7 6. Bxc6 dxc6 7. h3 h6 8. d3 Bf5 9. Nbd2 Ne6 10. Nc4 g5 11. g4 Bg6 12. Re1 Qc7 13. a4 0-0-0 14. Qe2 Bg7 15. Be3 f5 16. b4 Rdf8 17. bxc5 fxg4 18. hxg4 Nf4 19. Bxf4 Rxf4 20. Nh2 h5 21. a5 hxg4 22. a6 Bf7 23. axb7+ Qxb7 24. Reb1 Qc7 25. Nd6+ exd6 26. cxd6 g3 27. fxg3 Qxd6 28. exd6 Bd4+ 29. Kg2 Bd5+ 30. Nf3 g4 31. d7+ Kxd7 32. Rxa7+ Bxa7 33. gxf4 gxf3+ 34. Qxf3 Rg8+ 35. Kf1 0-1

[Event "POL-chT Ekstraliga"]
[Site "Lublin"]
[Date "2023.09.18"]
[Round "1.3"]
[White "Janik, Igor"]
[Black "Jakubowski, Krzysztof"]
[Result "1/2-1/2"]
[WhiteElo "2517"]
[BlackElo "2469"]
[PlyCount "73"]
[EventDate "2023.09.18"]
[EventType "team-tourn"]
[EventRounds "9"]
[EventCountry "POL"]
[SourceTitle "EXT 2024"]
[Source "ChessBase"]
[SourceDate "2023.10.10"]
[SourceVersion "1"]
[SourceVersionDate "2023.10.10"]
[SourceQuality "1"]
[WhiteTeam "Katowice Wasko"]
[BlackTeam "Raciborz Silesia"]
[WhiteTeamCountry "POL"]
[BlackTeamCountry "POL"]

1. Nf3 d5 2. g3 Nf6 3. Bg2 g6 4. 0-0 Bg7 5. d4 0-0 6. c4 c6 7. a4 Bf5 8. Qb3 Qb6 9. Qa3 dxc4 10. Nbd2 Qa6 11. Re1 Nbd7 12. e4 Bg4 13. Bf1 b5 14. h3 Bxf3 15. Nxf3 Qxa4 16. Qxa4 bxa4 17. Rxa4 Nb6 18. Ra5 Rfc8 19. Bd2 Nfd7 20. Be3 Rc7 21. Rc1 Rb7 22. Rc2 e6 23. Bc1 Bf8 24. Bxc4 Nxc4 25. Rxc4 Rc8 26. Be3 Nf6 27. e5 Nd5 28. Bc1 Bb4 29. Ra6 c5 30. Bh6 Rbc7 31. Kg2 cxd4 32. Rxc7 Rxc7 33. Nxd4 Bf8 34. Bxf8 Kxf8 35. Nb5 Rc2 36. b3 Nc7 37. Nxc7 1/2-1/2

[Event "Warsaw Szansa rapid op"]
[Site "Warsaw"]
[Date "2023.09.17"]
[Round "5"]
[White "Krasenkow, Michal"]
[Black "Janik, Igor"]
[Result "1-0"]
[WhiteElo "2531"]
[BlackElo "2517"]
[PlyCount "105"]
[EventDate "2023.09.17"]
[EventType "swiss (rapid)"]
[EventRounds "9"]
[EventCountry "POL"]
[SourceTitle "EXT 2024"]
[Source "ChessBase"]
[SourceDate "2023.10.10"]
[SourceVersion "1"]
[SourceVersionDate "2023.10.10"]
[SourceQuality "1"]

1. Nf3 Nf6 2. c4 b6 3. Nc3 Bb7 4. d4 e6 5. a3 Ne4 6. Nxe4 Bxe4 7. Nd2 Bb7 8. e4 g6 9. Bd3 Bg7 10. Nf3 0-0 11. h4 f5 12. exf5 exf5 13. h5 Qe7+ 14. Kf1 Bxf3 15. Qxf3 Nc6 16. hxg6 hxg6 17. Be3 Rae8 18. c5 Qf7 19. Rc1 Nxd4 20. Bxd4 Bxd4 21. Bc4 Re6 22. cxb6 cxb6 23. Bxe6 Qxe6 24. Qe2 Qf7 25. b4 d5 26. Rc6 Re8 27. Qc2 Bg7 28. Rc8 Qe6 29. Rxe8+ Qxe8 30. Rh3 d4 31. Qc4+ Kf8 32. Rg3 Be5 33. Rf3 Qd7 34. b5 Kg7 35. a4 Qe7 36. g3 Bf6 37. Qd5 Kh6 38. Rb3 Kg7 39. Rb1 Qa3 40. Qc4 g5 41. Re1 Qf3 42. Qc6 Qg4 43. Re6 Qh3+ 44. Kg1 Qh6 45. Qd7+ Kg6 46. Qxd4 Qf8 47. Qd7 Qc5 48. Qe8+ Kg7 49. Rc6 Qd4 50. Rc7+ Kh6 51. Qf7 g4 52. Qh7+ Kg5 53. Qg8+ 1-0

[Event "Warsaw Szansa blitz op"]
[Site "Warsaw"]
[Date "2023.09.16"]
[Round "8"]
[White "Janik, Igor"]
[Black "Bartel, Michal"]
[Result "1-0"]
[WhiteElo "2517"]
[BlackElo "2252"]
[PlyCount "52"]
[EventDate "2023.09.16"]
[EventType "swiss (blitz)"]
[EventRounds "13"]
[EventCountry "POL"]
[SourceTitle "EXT 2024"]
[Source "ChessBase"]
[SourceDate "2023.10.10"]
[SourceVersion "1"]
[SourceVersionDate "2023.10.10"]
[SourceQuality "1"]

1. Nf3 d5 2. g3 g6 3. Bg2 Bg7 4. d4 Nf6 5. 0-0 0-0 6. c4 c6 7. a4 Nbd7 8. cxd5 cxd5 9. Nc3 b6 10. Qb3 Bb7 11. a5 Rc8 12. a6 Bc6 13. Bf4 Ne4 14. Rfc1 Nxc3 15. Rxc3 Ba8 16. Rxc8 Qxc8 17. Qa3 Qd8 18. Rc1 b5 19. Bc7 Qe8 20. Ba5 Nf6 21. Rc7 Qb8 22. Qxe7 Ne4 23. Ne5 Bf6 24. Qd7 Bxe5 25. dxe5 b4 26. e6 Qb5 1-0

[Event "Warsaw Szansa blitz op"]
[Site "Warsaw"]
[Date "2023.09.16"]
[Round "9"]
[White "Kiolbasa, Oliwia"]
[Black "Janik, Igor"]
[Result "0-1"]
[WhiteElo "2387"]
[BlackElo "2517"]
[PlyCount "56"]
[EventDate "2023.09.16"]
[EventType "swiss (blitz)"]
[EventRounds "13"]
[EventCountry "POL"]
[SourceTitle "EXT 2024"]
[Source "ChessBase"]
[SourceDate "2023.10.10"]
[SourceVersion "1"]
[SourceVersionDate "2023.10.10"]
[SourceQuality "1"]

1. e4 Nf6 2. e5 Nd5 3. d4 d6 4. Nf3 Bg4 5. Be2 e6 6. 0-0 Be7 7. Re1 0-0 8. Nbd2 Nc6 9. h3 Bh5 10. c3 dxe5 11. Nxe5 Nxe5 12. dxe5 Bg6 13. Nf3 c6 14. Qd4 Qb6 15. Qxb6 axb6 16. Bg5 Bxg5 17. Nxg5 Rfd8 18. g3 b5 19. a3 Nb6 20. Bf1 Na4 21. Re2 Bd3 22. Re3 Bxf1 23. Kxf1 Nxb2 24. Nf3 Nc4 25. Re2 Rd3 26. Nd4 Rxc3 27. Rd1 Rcxa3 28. Re4 Ra1 0-1

[Event "Katowice POL-HUN 10th"]
[Site "Katowice"]
[Date "2023.09.10"]
[Round "7"]
[White "Bernadskiy, Vitaliy"]
[Black "Janik, Igor"]
[Result "1-0"]
[WhiteElo "2524"]
[BlackElo "2517"]
[PlyCount "147"]
[EventDate "2023.09.09"]
[EventType "swiss (rapid)"]
[EventRounds "9"]
[EventCountry "POL"]
[SourceTitle "EXT 2024"]
[Source "ChessBase"]
[SourceDate "2023.10.10"]
[SourceVersion "1"]
[SourceVersionDate "2023.10.10"]
[SourceQuality "1"]

1. d4 Nf6 2. Nf3 e6 3. Bg5 c5 4. e3 Qb6 5. Qc1 Ne4 6. Bf4 d5 7. c3 Bd7 8. Nbd2 Nxd2 9. Qxd2 Bb5 10. Be2 Qa6 11. Bd1 Nc6 12. a4 cxd4 13. axb5 Qxa1 14. bxc6 dxe3 15. Qxe3 bxc6 16. 0-0 Be7 17. Ne5 0-0 18. Nxc6 Bf6 19. Qd2 Qa6 20. Ne5 Rfd8 21. Re1 d4 22. cxd4 Qb6 23. Bf3 Rac8 24. d5 exd5 25. Bg4 Bxe5 26. Rxe5 Rc5 27. h3 h6 28. Re1 d4 29. Bf3 Rb5 30. Re7 Rxb2 31. Qd3 Qf6 32. Re4 a5 33. Be5 Qg6 34. Bxd4 Rb4 35. Qe3 Qd6 36. Be5 Rxe4 37. Qxe4 Qe6 38. Bg4 Qe7 39. Qf4 Qb4 40. Qg3 Re8 41. Kh2 Qe7 42. Bc3 f6 43. Bh5 Ra8 44. Bf3 Ra7 45. Qb8+ Kh7 46. g3 Qc5 47. Be4+ g6 48. Kg2 Rf7 49. Qb3 Qa7 50. Bxa5 Re7 51. Bb6 Qb8 52. Bf3 h5 53. h4 Kg7 54. Qa3 Rd7 55. Be3 Qe5 56. Qa4 Qd6 57. Bf4 Qd4 58. Qc2 Re7 59. Qc6 Qd7 60. Qc5 Qa7 61. Qc1 Qd4 62. Qa3 Ra7 63. Qb3 Qa4 64. Qe3 Qa3 65. Qe8 Qe7 66. Qb8 Rd7 67. Be3 Qd8 68. Qf4 Qh8 69. Bc6 Re7 70. Qd6 Rf7 71. Bd5 Qf8 72. Qf4 g5 73. hxg5 Rd7 74. gxf6+ 1-0

[Event "Katowice POL-HUN 10th"]
[Site "Katowice"]
[Date "2023.09.10"]
[Round "8"]
[White "Janik, Igor"]
[Black "Korobov, Anton"]
[Result "0-1"]
[WhiteElo "2517"]
[BlackElo "2652"]
[PlyCount "68"]
[EventDate "2023.09.09"]
[EventType "swiss (rapid)"]
[EventRounds "9"]
[EventCountry "POL"]
[SourceTitle "EXT 2024"]
[Source "ChessBase"]
[SourceDate "2023.10.10"]
[SourceVersion "1"]
[SourceVersionDate "2023.10.10"]
[SourceQuality "1"]

1. d4 Nf6 2. c4 e6 3. Nf3 d5 4. g3 dxc4 5. Bg2 Bb4+ 6. Bd2 a5 7. Qc2 b6 8. a3 Be7 9. Qa4+ c6 10. Qxc4 0-0 11. Qc2 Bb7 12. 0-0 c5 13. dxc5 Bxc5 14. Nc3 Nbd7 15. Rac1 Rc8 16. Qa4 Bxf3 17. exf3 Ne5 18. Bf4 Nc4 19. Rfd1 Qe7 20. Qb3 Nxb2 21. Qxb2 Bxa3 22. Qxb6 Bxc1 23. Rxc1 Qb4 24. Qe3 a4 25. Qe1 a3 26. Bd2 Rfd8 27. Ra1 Rxd2 28. Qxd2 Qxc3 29. Qa2 Ra8 30. f4 Ra7 31. Rb1 g6 32. h3 Kg7 33. g4 Nd5 34. f5 Nb4 0-1

[Event "Katowice POL-HUN 10th"]
[Site "Katowice"]
[Date "2023.09.09"]
[Round "2"]
[White "Janik, Igor"]
[Black "Rosol, Alexander"]
[Result "1/2-1/2"]
[WhiteElo "2517"]
[BlackElo "2049"]
[PlyCount "139"]
[EventDate "2023.09.09"]
[EventType "swiss (rapid)"]
[EventRounds "9"]
[EventCountry "POL"]
[SourceTitle "EXT 2024"]
[Source "ChessBase"]
[SourceDate "2023.10.10"]
[SourceVersion "1"]
[SourceVersionDate "2023.10.10"]
[SourceQuality "1"]

1. g3 g6 2. d4 Nf6 3. Bg2 Bg7 4. e4 d6 5. Ne2 0-0 6. Nbc3 e5 7. 0-0 c6 8. h3 b5 9. a3 a6 10. Be3 Qc7 11. g4 Bb7 12. Ng3 Rd8 13. f4 exd4 14. Bxd4 c5 15. Bf2 b4 16. axb4 cxb4 17. Na4 Nbd7 18. Qd2 a5 19. g5 Ne8 20. c3 Nc5 21. Nxc5 dxc5 22. Qe3 bxc3 23. bxc3 c4 24. Rfd1 a4 25. e5 Bxg2 26. Kxg2 Bf8 27. Rxd8 Rxd8 28. Qe4 a3 29. f5 Rd2 30. f6 Qb6 31. Nh1 Qb2 32. e6 Nd6 33. Qa8 fxe6 34. Rxa3 Ne4 35. f7+ Kg7 36. Qxe4 Bxa3 37. Qe5+ Kxf7 38. Qf6+ Ke8 39. Qxe6+ Kd8 40. Qg8+ Kd7 41. Qf7+ Be7 42. Qf3 Qb5 43. Ng3 Qd5 44. Ne4 Rd3 45. Qe2 Qf5 46. Bg3 Bxg5 47. Kh2 Bf4 48. Qa2 Bxg3+ 49. Nxg3 Qc5 50. Qe2 Qd5 51. Qg4+ Kc6 52. Qc8+ Kb5 53. Qb8+ Kc6 54. Qc8+ Kb6 55. Qb8+ Qb7 56. Qf4 Qc7 57. Qf2+ Kb7 58. Qg2+ Kb8 59. Qb2+ Kc8 60. Qf2 Rxg3 61. Qxg3 Qxg3+ 62. Kxg3 Kd7 63. Kf4 Ke6 64. Ke4 h5 65. h4 g5 66. hxg5 h4 67. Kf4 h3 68. Kg3 Kf5 69. Kxh3 Kxg5 70. Kg3 1/2-1/2

[Event "Katowice POL-HUN 10th"]
[Site "Katowice"]
[Date "2023.09.09"]
[Round "1"]
[White "Zajaczkowski, Piotr"]
[Black "Janik, Igor"]
[Result "0-1"]
[WhiteElo "1686"]
[BlackElo "2517"]
[PlyCount "64"]
[EventDate "2023.09.09"]
[EventType "swiss (rapid)"]
[EventRounds "9"]
[EventCountry "POL"]
[SourceTitle "EXT 2024"]
[Source "ChessBase"]
[SourceDate "2023.10.10"]
[SourceVersion "1"]
[SourceVersionDate "2023.10.10"]
[SourceQuality "1"]

1. b3 Nf6 2. Bb2 g6 3. Nf3 Bg7 4. e3 0-0 5. Be2 a5 6. a3 d6 7. 0-0 e5 8. d3 b6 9. Nbd2 Bb7 10. c4 Nc6 11. Rc1 Qe7 12. Rc2 Nd7 13. Qa1 f5 14. d4 e4 15. Ne1 Nd8 16. g3 c5 17. Ng2 g5 18. Re1 Nc6 19. h3 a4 20. Rd1 cxd4 21. exd4 axb3 22. Nxb3 f4 23. Bg4 Nf6 24. Re2 Nxg4 25. hxg4 f3 26. Re3 fxg2 27. Rde1 Qf7 28. R1e2 Nb4 29. Qe1 Nd3 30. Qd2 Nxb2 31. Qxb2 Qxc4 32. Nd2 Qxd4 0-1

[Event "Rubinstein Memorial 59th"]
[Site "Polanica Zdroj"]
[Date "2023.08.24"]
[Round "6"]
[White "Janik, Igor"]
[Black "Psyk, Radoslaw"]
[Result "1/2-1/2"]
[WhiteElo "2539"]
[BlackElo "2452"]
[PlyCount "67"]
[EventDate "2023.08.19"]
[EventType "tourn"]
[EventRounds "9"]
[EventCountry "POL"]
[EventCategory "11"]
[SourceTitle "CBM 215 Extra"]
[Source "ChessBase"]
[SourceDate "2023.09.30"]
[SourceVersion "1"]
[SourceVersionDate "2023.09.30"]
[SourceQuality "1"]

1. c4 e6 2. g3 d5 3. Bg2 d4 4. Nf3 Nc6 5. 0-0 Bc5 6. d3 Nf6 7. Nbd2 Be7 8. Nb3 0-0 9. e3 dxe3 10. Bxe3 Ng4 11. Bc5 Bxc5 12. Nxc5 b6 13. Nb3 Bb7 14. h3 Nf6 15. d4 Qc8 16. Qe2 a5 17. Ne5 Nxe5 18. dxe5 Bxg2 19. Kxg2 Qb7+ 20. f3 Nd7 21. Rad1 Rad8 22. Rd4 a4 23. Na1 Nc5 24. Rfd1 Qa8 25. Qd2 Nb7 26. Qc3 Rxd4 27. Rxd4 Rd8 28. Nc2 h5 29. g4 hxg4 30. hxg4 Na5 31. Qd3 Rxd4 32. Qxd4 c5 33. Qd3 Qb8 34. f4 1/2-1/2

[Event "Rubinstein Memorial 59th"]
[Site "Polanica Zdroj"]
[Date "2023.08.22"]
[Round "4"]
[White "Janik, Igor"]
[Black "Nasuta, Grzegorz"]
[Result "1/2-1/2"]
[WhiteElo "2539"]
[BlackElo "2544"]
[PlyCount "64"]
[EventDate "2023.08.19"]
[EventType "tourn"]
[EventRounds "9"]
[EventCountry "POL"]
[EventCategory "11"]
[SourceTitle "CBM 215 Extra"]
[Source "ChessBase"]
[SourceDate "2023.09.30"]
[SourceVersion "1"]
[SourceVersionDate "2023.09.30"]
[SourceQuality "1"]

1. c4 c6 2. d4 d5 3. cxd5 cxd5 4. Bf4 Nc6 5. e3 Nf6 6. Nc3 Bg4 7. f3 Bd7 8. g4 e6 9. Bd3 Be7 10. Nge2 0-0 11. a3 Ne8 12. Qc2 h6 13. Bg3 Bh4 14. 0-0 Rc8 15. Nf4 Bxg3 16. hxg3 e5 17. dxe5 Nxe5 18. Rad1 Nf6 19. Qb3 Qc7 20. Ncxd5 Nxd5 21. Nxd5 Be6 22. Be4 Rfd8 23. Rf2 Qc5 24. Rfd2 Kf8 25. Rc2 Bxd5 26. Rxc5 Nxf3+ 27. Bxf3 Bxb3 28. Rxd8+ Rxd8 29. Rb5 Bd1 30. Bxb7 Rb8 31. Bc6 Rxb5 32. Bxb5 Bxg4 1/2-1/2

[Event "FIDE World Cup"]
[Site "Baku"]
[Date "2023.08.02"]
[Round "2.1"]
[White "Janik, Igor"]
[Black "Dominguez Perez, Leinier"]
[Result "0-1"]
[WhiteElo "2548"]
[BlackElo "2739"]
[PlyCount "64"]
[EventDate "2023.07.30"]
[EventType "k.o."]
[EventRounds "8"]
[EventCountry "AZE"]
[SourceTitle "EXT 2024"]
[Source "ChessBase"]
[SourceDate "2023.10.10"]
[SourceVersion "1"]
[SourceVersionDate "2023.10.10"]
[SourceQuality "1"]

1. d4 Nf6 2. c4 e6 3. Nc3 Bb4 4. f3 c5 5. d5 d6 6. e4 0-0 7. Nge2 b5 8. Nf4 exd5 9. Nfxd5 Nxd5 10. Qxd5 Qb6 11. cxb5 Bb7 12. Qd1 d5 13. Bd2 dxe4 14. fxe4 Re8 15. Be2 c4 16. Bf3 Nd7 17. Qe2 Ne5 18. Be3 Qxb5 19. 0-0 Qa5 20. Rac1 Nd3 21. Rc2 Rab8 22. a3 Bd6 23. g3 Be5 24. Nd1 Qa4 25. Nc3 Bxc3 26. Rxc3 Bxe4 27. Bxe4 Rxe4 28. Qf3 Qe8 29. Bc1 Rb6 30. Qh5 h6 31. Qd5 Rb5 32. Qd6 Nxc1 0-1